000 00301nam a22001337a 4500
008 171010b xxu||||| |||| 00| 0 eng d
020 _a0521097851
041 _aeng
080 _a316
100 _a50
101 _aSOC
245 _aCAPITALISM AND MODERN SOCIAL THEORY
_cGIDDENS,A
942 _2udc
_cBK
999 _c32889
_d32889